| 000 | 00459nam a22001937a 4500 | ||
|---|---|---|---|
| 003 | OSt | ||
| 008 | 240502b |||||||| |||| 00| 0 eng d | ||
| 020 | _a9789389342673 | ||
| 082 | _a547 WAO | ||
| 100 | _aWADE, LEROY.G | ||
| 245 | _aORGANIC CHEMISTRY | ||
| 250 | _a9th | ||
| 260 |
_aNoida _bPearson _c2023 |
||
| 300 | _a1572 | ||
| 650 | _aPHARMACEUTICS ORGANIC CHEMISTRY-I | ||
| 700 | _aSIMEK, JAN.W | ||
| 700 | _aSINGH, MAYA SHANKER | ||
| 942 |
_2ddc _cBK |
||
| 999 |
_c12595 _d12595 |
||